| 000 | 00337 a2200109 4500 | ||
|---|---|---|---|
| 001 | ART_17447 | ||
| 005 | 20260410161923.0 | ||
| 008 | 260409a | ||
| 245 | 1 | 0 | _aQuasi-walrasian theories of unemployment |
| 100 | 1 | _aCalvo, Guillermo A. | |
| 773 | 0 |
_tThe American Economic Review _g- Vol. 69, NÂș 2 (mayo 1979) _wREV16190 |
|
| 999 |
_c27870 _d27870 |
||